Métodos de validação de sistemas digitais /

Guardado en:
Autor Corporativo: Escola de Computação
Otros Autores: Wagner, Flávio Rech.
Formato: Libro
Idioma:Portuguese
Publicado: Campinas : [UNICAMP], 1988.
Etiquetas: Agregar Etiqueta
Sin Etiquetas, Sea el primero en etiquetar este registro!
LEADER 00614nam a22001695a 4500
001 MAT.inmabb004863
008 080723s1988####bl#a#####b####000#0#por#d
005 20170621115342.0
245 1 0 |a Métodos de validação de sistemas digitais /  |c por Flávio Rech Wagner ... [et al.]. 
260 |a Campinas :  |b [UNICAMP],  |c 1988. 
300 |a viii, 199 p. :  |b il. ;  |c 23 cm. 
500 |a "VI Escola de Computação". 
504 |a Incluye referencias bibliográficas. 
700 1 |a Wagner, Flávio Rech. 
711 2 |a Escola de Computação  |n (6a. :  |d 1988 :  |c Campinas) 
084 |a 68-XX  |2 msc2000 
859 |h 68  |i M593  |p A-7001  |b BIB. MATEMATICA